00619cam a2200205Mc 450000500170000000800410001702000180005804000500007604100080012610000170013424500430015125000110019426000420020530000330024749000170028050400530029765000320035065000160038265000150039820161117080853.0140611s2010 enka fr 001 0 eng d a9780415553209 aCO-BoUCMbspacJose A. GerenadJose A. Gerena0 aeng1 aFrost, Chris10aReporting for journalistscChris Frost a2nd ed aLondres (Inglaterra)bRoutledgec2010 a208 páginasbilustraciones1 aMedia skills aIncluye referencias bibliográficas e índices 7aPeriodismo como profesión 7aPeriodistas 7aReportajes